00687nam a2200157Ia 4500999001700000082001200017100001800029245015800047260002800205300002100233650006900254650006500323710001600388942001200404952011300416 c11432d11432 aTP.0020 aPrabhudas, O. 0aChanging economic conditions of landless agricultural labour under varying agro economic regions : A case study of West Godavari district, Andhra Pradesh c1988bAndhra University a217p. + C D - 46 aAGRICULTURAL LABOURERS - ANDHRA PRADESH - WEST GODAVARI DISTRICT aLANDLESS LABOURERS - ANDHRA PRADESH - WEST GODAVARI DISTRICT aAbraham, V. cTH2ddc 00104070aNASSDOCbNASSDOCd2004-10-08i2004-10-22l0oTP.0020p28844r2019-04-18 00:00:00w2019-04-18yTH